• 首页
  • 本馆介绍
  • 公告通知
  • 最新文献
  • 馆藏检索
  • 电子资源
  • 读者导购
  • 参考咨询
  • 我的图书馆
  • 登录
  • 详细信息显示
  • 放入我的书架
  • 预约/预借图书
  • 作者相关作品
  • 分类相关作品
  • 丛书相关作品
  • 出版社相关作品

书目信息

  • 表格格式
  • 工作单格式
  • 卡片格式
题名:
无机及分析化学
    
 
作者: 陈荣三 编
分册:  
出版信息: 北京   高等教育出版社  1985
页数: 596页
开本: 20cm
丛书名:
单 册:
中图分类: O653
科图分类:
主题词: 分析化学--高等教育--教材 , 分析(化学)
电子资源:
ISBN: 7-04-001818-7
000 00691nam0 2200265 45
001 0185016156
005 20060816110528.54
010    @a7-04-001818-7@dCNY9.60
100    @a19951109d1985 em y0chiy0121 ea
101 0  @achi
102    @aCN@b110000
102    @aCN@b110000
105    @ay z 000yy
200 10 @a无机及分析化学@Awu ji ji fen xi hua xue@f陈荣三等编
205    @a2版
210    @a北京@c高等教育出版社@d1985
215    @a596页@d20cm
300    @a高等学校教材
606    @a分析化学@x高等教育@x教材
606 0  @a分析(化学)
690    @aO653@v3
701  0 @a陈荣三@4编@Achen rong san
801  2 @aCN@bNLC@c20060816
801  0 @aCN@bTSSF
905    @a10447@dO653@e5=2
    
    无机及分析化学/陈荣三等编.-2版.-北京:高等教育出版社,1985
    596页;20cm
    高等学校教材
    
    ISBN 7-04-001818-7:CNY9.60
    
●
相关链接 在E读中查询图书 在五车中查询图书 在当当中查询图书 在豆瓣中查询图书


正题名:无机及分析化学     索取号:O653/5=2         预约/预借

序号 登录号 条形码 馆藏地/架位号 状态 备注
1 0461861   204618618   密集书库/ [索取号:O653/5=2] 在馆    
唐山师范学院图书馆 欢迎您!
大连网信软件有限公司© 版权所有